| 000 | 00489cam a2200181ua 4500 | ||
|---|---|---|---|
| 020 |
_a9788120315686 _c75.00 |
||
| 041 |
_aeng _h |
||
| 082 |
_a005.369 _bFUL/EX |
||
| 100 | _aFulton, Jennifer . | ||
| 245 |
_a10 Minute guide to microsoft excel 2000 / _cJennifer Fulton. _hTextual Documents |
||
| 250 |
_a1 / _b. |
||
| 260 |
_aNew Delhi : _bPrentice Hall of India Pvt Ltd. , _c2001. |
||
| 300 | _a202 ; . | ||
| 365 | _a75.00 | ||
| 504 | _a | ||
| 942 | _cBK | ||
| 999 |
_c12125 _d12125 |
||